Estadísticas para Rock Argentino

Haz click aquí para intentar la prueba.

Estadísticas generales

  • Esta prueba ha sido intentada 220 veces
  • La puntuación promedio es 12 de 21

Estadísticas de respuestas

MiembrosBanda% Correcto
Cerati, Bosio, AlbertiSoda Stereo
94%
García, Lebón, Aznar, MoroSerú Girán
82%
Solari, Beilinson...Patricio Rey y sus Redonditos de Ricota
79%
1983Abuelo, Calamaro, Bazterrica, López, Melingo, CorbellaLos abuelos de la nada
78%
Prodan, Daffunchio, Arnedo, Pettinatto, Mollo, TroglioSumo
75%
García, Mestre...Sui Generis
74%
Spinetta, Del Guercio, Molinari, GarcíaAlmendra
73%
1993Mollo, Arnedo, Gil SoláDivididos
72%
Spinetta, Cutaia, Lebón, AmayaPescado Rabioso
67%
1985Moura, Moura, Moura, Sbarra, Serra, MugettiVirus
63%
Spinetta, Lorenzo, Sujatovich, Rapoport...Spinetta Jade
55%
2003Martínez, Kupinski, Fernandez, Rodriguez, CarderoLos Piojos
52%
Sokol, Daffunchio...Las Pelotas
50%
García, Rodríguez, Moro, Bazterrica, CutaiaLa Máquina de hacer Pájaros
49%
Nebbia, Fogliatta, Galiffi, Moro, Toth, NapolitanoLos Gatos
49%
Spinetta, Lorenzo, RufinoInvisible
43%
2004Ruiz Diaz, Ruiz Diaz, Gonzalez, HerrleinCatupecu Machu
35%
Quiroga, Basoalto, Godoy, SouléVox Dei
33%
Gabis, Martínez, MedinaManal
30%
Cantilo, DurietzPedro y Pablo
18%
Erausquin, De MichelePastoral
10%

Distribución de puntuación

Porcentaje por número respondido

Porcentaje de gente con cada puntuación

Historial de tus puntuaciones

No has intentado esta prueba.